Idioms Featuring Geographical Places/Demonyms - Statistics

General Stats
  • This quiz has been taken 88 times
  • The average score is 18 of 26
Answer Stats
Hint Place % Correct
A game played with a loaded gun {Russian} Roulette
99%
Don't expect to achieve important things in a short period of time {Rome} wasn't built in a day
96%
Numeral system used throughout Europe well into the Late Middle Ages {Roman} numerals
93%
Apology for swearing Pardon my {French}
91%
A baguette {French} bread
89%
A flimsy argument More holes than {Swiss} cheese
89%
When a captive comes to love the captor {Stockholm} Syndrome
88%
One of the deadliest pandemics in history {Spanish} flu
85%
The belief that anyone can succeed The {American} Dream
84%
A carefully concealed attack {Trojan} Horse
81%
Not at any price Not for all the tea in {China}
78%
Keeping scandalous behavior secret What happens in {Vegas}, stays in {Vegas}
76%
Means multiple methods can be used to reach the same result All roads lead to {Rome}
74%
Alphabet used in the naming of sororities and fraternities {Greek} Alphabet
66%
When couples split the bill To Go {Dutch}
65%
Beautiful young woman from the U.K. {English} Rose
61%
To go to one's doom Going to {Hell} in a handbasket
59%
A type of firework {Roman} Candle
59%
To not understand anything It’s all {Greek} to me
58%
Also known as rubella {German} Measles
50%
A period in autumn when the weather is unusually warm {Indian} Summer
50%
Something that happens very quickly In a {New} {York} minute
45%
Something that takes a long time Slow Boat to {China}
42%
A confrontation during which no agreement can be reached A {Mexican} Standoff
41%
Stereotype given to a certain country's citizens traveling abroad The Ugly {American}
31%
Young rebel who can’t be controlled Young {Turk}
19%
No matching quizzes found
Score Distribution
Percent of People with Each Score
Percentile by Number Answered
Your Score History
You have not taken this quiz